00729cam a22002413a 45000010005000000030006000050050017000110080041000280400015000690420007000840500007000911000036000982450140001342600029002745060030003035160020003336530028003536530015003816530011003966530011004078300028004188560041004461221PGUSA20140828082958.0980201s1998||||xxu|||||s|||||000 | eng d aPGUSAbeng adc 4aQK1 aCoulter, John Merle,d1851-192812aA Preliminary Revision of the North American Species of Cactus, Anhalonium, and Lophophorah[electronic resource] /cJohn Merle Coulter bProject Gutenberg,c1998 aPublic domain in the USA. aElectronic text aPlants -- North America aAriocarpus aCactus aPeyote 0aProject Gutenbergv122140uhttp://www.gutenberg.org/ebooks/1221